000 00885nam a22002417a 4500
008 081201t xxu||||| |||| 00| 0 eng d
010 _aENG-91939
020 _c80.00
035 _aEN-75472
037 _bDBAD / PUB
040 _adpl
_bEnglish
082 _a301
100 _aRai, Rumina
245 _aIntroduction to sociology:
_cby Rumina Rai
_bas per BMM syllabus of Mumbai University /
250 _a2nd ed
260 _aNew Delhi
_bHimalaya Publishing House
_c2008
270 _aPooja Apartments, 4-B, Murari Lal Street, Ansari Road, Daryaganj,
_bNew Delhi
_e110002
300 _a124p.
_c21cm (pbk)
500 _aIncludes bibliographical references
650 _aSociology
942 _2ddc
_cEN
_mRAI
_h301
999 _c19345
_d19345